|
|
|
|
| LEADER |
00000cam a2200000 4500 |
| 001 |
vtls012240861 |
| 003 |
SK-MaSNL |
| 005 |
20260301171402.0 |
| 008 |
231004s2023 xo oda fon 101 0 slo |
| 015 |
|
|
|a SNBA2024/02
|
| 020 |
|
|
|a 9788057402329
|q (brožované)
|
| 020 |
|
|
|a 9788057402336
|q (e-publikácia)
|
| 040 |
|
|
|a SNK
|b slo
|c SNK
|e rda
|
| 041 |
0 |
|
|a slo
|
| 044 |
|
|
|a xo
|c SK
|
| 072 |
|
7 |
|a 539
|x Fyzikálna stavba hmoty. Jadrová fyzika. Molekulová fyzika
|2 konspekt
|
| 080 |
|
|
|a 539.12-022.513.2
|2 2011
|
| 080 |
|
|
|a 616-07
|2 2011
|
| 080 |
|
|
|a 616.9:578.834
|2 2011
|
| 080 |
|
|
|a (062.534)
|2 2011
|
| 111 |
2 |
|
|a Nanovir
|d (2023 :
|c Košice, Slovensko)
|4 aut
|9 538985
|
| 245 |
1 |
0 |
|a Nanovir
|b nanočastice pre riešenie diagnosticko-terapeutických problémov s COVID-19 : recenzovaný zborník príspevkov z vedeckej konferencie NANOVIR : 20. Jún 2023, Košice
|c Adriana Zeleňáková, Jozef Bednarčík
|
| 246 |
3 |
0 |
|a Nanočastice pre riešenie diagnosticko-terapeutických problémov s COVID-19
|
| 250 |
|
|
|a Vydanie: prvé
|
| 264 |
|
1 |
|a Košice
|b ŠafárikPress
|c 2023
|
| 300 |
|
|
|a iv, 150 strán
|b fotografie, grafy, tabuľky
|c 21 cm
|
| 336 |
|
|
|a text
|b txt
|2 rdacontent
|
| 337 |
|
|
|a bez média
|b n
|2 rdamedia
|
| 338 |
|
|
|a zväzok
|b nc
|2 rdacarrier
|
| 366 |
|
|
|e 50 kusov
|
| 500 |
|
|
|a Na titulnom liste pod názvom: Univerzita Pavla Jozefa Šafárika v Košiciach, Prírodovedecká fakulta
|
| 500 |
|
|
|a Obsahuje profesijné údaje o riešiteľoch projektu NANOVIR
|
| 504 |
|
|
|a Obsahuje bibliografiu za jednotlivými príspevkami, register
|
| 650 |
0 |
7 |
|a nanočastice
|2 SNKPH
|9 247407
|
| 650 |
0 |
7 |
|a diagnostika (medicína)
|2 SNKPH
|9 28740
|
| 650 |
0 |
7 |
|a COVID-19
|2 SNKPH
|9 201532
|
| 650 |
0 |
7 |
|a Nanoparticles
|2 SNKPHeng
|9 353464
|
| 650 |
0 |
7 |
|a Medical diagnostics
|2 SNKPHeng
|9 268685
|
| 651 |
|
7 |
|a COVID-19 (Disease)
|2 SNKPHeng
|9 538986
|
| 655 |
|
7 |
|a zborníky konferencií
|2 SNKPH
|9 70153
|
| 655 |
|
7 |
|a Proceedings of conferences
|2 SNKPHeng
|9 265791
|
| 700 |
1 |
|
|a Zeleňáková, Adriana,
|d 1972-
|4 edt
|9 201136
|
| 700 |
1 |
|
|a Bednarčík, Jozef,
|d 1976-
|4 edt
|9 223543
|
| 710 |
2 |
|
|a Univerzita Pavla Jozefa Šafárika v Košiciach.
|b Prírodovedecká fakulta
|4 pbl
|9 176126
|
| 852 |
|
|
|a Slovenská národná knižnica
|
| 919 |
|
|
|a 978-80-574-0232-9
|
| 919 |
|
|
|a 978-80-574-0233-6
|
| 954 |
|
|
|a odborná, vedecká literatúra pôvodná (slovenská)
|2 lita
|
| 958 |
|
|
|a NB
|
| 999 |
|
|
|c 830663
|d 832593
|
| 952 |
|
|
|a SNK
|b SNK
|y PREZ
|7 0
|p 17A1544782
|o snkSC 205256
|i snk2024/2811
|8 0
|0 0
|1 0
|4 0
|d 2024-02-19
|f 1
|l 0
|r 2025-10-28 00:00:00
|w 2026-02-24
|